000 00964nam a2200289 i 4500
001 9035
003 ES-MaACL
005 20240527195125.0
007 t|
008 930201s1987 sp |||| | spa d
020 _a84-235-0794-7
080 _a9(465.1)"13/14"
080 _a7.032.5(465.1)
100 1 _aMartínez de Aguirre, Javier.
_977972
245 1 0 _aArte y monarquía en Navarra, 1328-1425 /
_cJavier Martínez de Aguirre.
260 _a[Pamplona] :
_bInstitución Príncipe de Viana,
_cD.L. 1987.
300 _a432 p. :
_bil. col. y n. ;
_c28 cm.
490 1 _aArte ;
_v17
500 _aBibliografía: p. 399-408.
500 _aÍndice.
650 1 4 _aArte gótico-
_zNavarra (Comunidad Autónoma)
_9168151
651 4 _aNavarra (Reino)-
_xHistoria-
_y1328-1425, Dinastía Evreux.
_9168152
710 2 _aInstitución Príncipe de Viana
_94730
830 0 _aArte ;
_v17
_9178358
852 _aES-MaACL
_jL-16436
999 _c9035
_d9035